01381nab a22002297a 4500999001500000003000400015005001700019008004100036040000700077100003200084245013100116260007200247300001400319500003800333505044300371505008900814650002600903650003400929650003600963773013900999942001301138 c5937d5937OSt20260114011522.0190605e xxu||||| |||| 00| 0 spa d cPJ 96788aPérez, Emiliano A. 13aLa "acefalía sindical" a propósito del fallo UPSRA de la Corte Suprema de Justicia de la Nación /cEmiliano A. Pérez.  aCiudad Autónoma de Buenos Aires :bThomson Reuters La Ley,c2024. ap. 88-101 aCita: TR LALEY AR/DOC/265/2024.  aSumario: I. El caso bajo comentario.— II. Acefalía. Concepto.— III. ¿Cuál es el supuesto legal que configura el estado de acefalía sindical?— IV. Estándar de la Corte Al respecto.— V. Situación legal de acefalía. Diferenciación de supuestos.— VI. El supuesto autónomo de "vencimiento de mandato" y su eventual solución legal.— VII. Las facultades administrativas, y el debido actuar.— VIII. Conclusiones.  t¿Te interesa el texto completo? Solicitalo al correo: koha@justierradelfuego.gov.ar 091316aDERECHO LABORAL 091367aASOCIACIONES SINDICALES 09699aFALLOS DE LA CORTE SUPREMA0 0271193168dCiudad Autónoma de Buenos Aires : Thomson Reuters La Ley, 1999-2002.tRevista de derecho del trabajo. Nº 2 - Marzo 2024 2udccANA